| 000 | 00604cam a2200193 4500 | ||
|---|---|---|---|
| 001 | BFD001364 | ||
| 008 | s1969 mx spa | ||
| 035 | _aBFD001364 | ||
| 110 | 2 | _aMichoacán | |
| 240 | 0 | 0 | _aCódigo tutelar |
| 245 | 0 | 3 |
_aEl Código tutelar para menores del estado de Michoacán / _cSergio García Ramírez |
| 260 |
_aMorelia, Mich. : _bUMSNH, _c1969 |
||
| 300 |
_a168 p. ; _c20 cm. |
||
| 440 | 0 |
_aColección: estudios universitarios; _vno. 6 |
|
| 650 | 4 |
_aNiños _xDerecho _zMichoacán |
|
| 700 | 1 | _aGarcía Ramírez, Sergio | |
| 942 |
_2lcc _cLIB |
||
| 999 |
_c123469 _d123469 |
||